Semimetalli della Tavola periodica - Statistics

Statistiche generali
  • Questo quiz è stato fatto 37 volte
  • Il punteggio medio è 7 su 9
Statistiche sulle risposte
Z Simbolo Elemento % Corretto
5 B Boro
97%
14 Si Silicio
97%
84 Po Polonio
90%
33 As Arsenico
86%
85 At Astato
86%
32 Ge Germanio
86%
62 Te Tellurio
79%
61 Sb Antimonio
69%
117 Ts Tennesso
52%
Nessun quiz corrispondente trovato
Distribuzione punteggi
Percentuale di utenti per punteggio
Percentile per numero di risposta
I tuoi punteggi nel tempo
Non hai fatto questo quiz